| 000 | 00708nam a2200229Ii 4500 | ||
|---|---|---|---|
| 003 | JO-AjNU | ||
| 008 | 230605s9999||||xx |||||||||||||| ||und|| | ||
| 017 | _a1979/3160 | ||
| 020 | _a7249-27-6 | ||
| 040 |
_aJO-AjNU _bara _erda _cJO-AjNU |
||
| 041 | _aara | ||
| 050 | 1 | 4 | _aJF1365.S4.1979 |
| 100 | 3 |
_aإيراشاركانسى / الهوارى ، محمود عادل مختار ، مترجم , _eauthor _913751 |
|
| 245 | 0 | 0 | _aالادارة العامة |
| 250 | _a(د،ط) | ||
| 264 | 3 | 1 | _aمؤسسة سجل العرب ،1979 |
| 300 | _a218ص | ||
| 336 |
_atext _btxt _2rdacontent |
||
| 337 |
_aunmediated _bn _2rdamedia |
||
| 338 |
_avolume _bnc _2rdacarrier |
||
| 650 | 4 |
_aادارة عامة _913752 |
|
| 999 |
_aA3504 _c7072 _d7072 |
||